000
00405nam a2200133Ia 4500
008
100328s9999 xx 000 0 und d
082
_b
69835
100
_a
रायकर प्रतिभा
245
_a
क्षण प्रेमाचा.
260
_b
सायली.
630
_a
क्षण प्रेमाचा.
730
_a
क्षण प्रेमाचा.
942
_c
BOOK
999
_c
555565
_d
555562